Na rozhraní medzi zvieratami a anjelmi Hovoríme so spisovateľom Umbertom Ecom

Bibliographic Details
Main Authors: Starkmann, Alfred (ain), Eco, Umberto, 1932-2016 (Author)
Other Authors: Čechvala, Milan, 1940-2019 (Translator)
Format: Article
Language:Slovak
Subjects:

MARC

LEADER 00000nab a2200000 a 4500
001 vtls000489625
003 SK-MaSNL
005 20260304000734.0
008 140422c1993 xo 0 slo
015 |a SNBRB19rr/mm-uuuuu 
035 |a CL0489763 
040 |a SNKBUCL  |b slo  |c SNKBUCL  |e AACR2 
041 0 |a slo 
044 |a xo  |c SK 
080 |a 82:929:850  |2 1981 
080 |a 850  |2 1981 
080 |a 003  |2 1981 
100 1 |a Starkmann, Alfred  |4 ain  |9 1276606 
245 1 0 |a Na rozhraní medzi zvieratami a anjelmi  |b Hovoríme so spisovateľom Umbertom Ecom  |c Umberto Eco, Alfred Starkmann 
300 |b Fotogr. 1 
500 |a Red. pozn. o spisovateľovi 
600 1 7 |a Eco, Umberto,  |d 1932-2016  |2 snkbucl  |9 97635 
655 7 |a články z novín a časopisov  |2 snkbucl  |9 267496 
655 7 |a články z odboru literárna veda a krásna literatúra  |2 snkbucl  |9 770045 
700 1 |a Čechvala, Milan,  |d 1940-2019  |4 trl  |9 246868 
700 1 |a Eco, Umberto,  |d 1932-2016  |4 aut  |9 97635 
773 0 |t Literárny týždenník  |g Roč. 6, č. 14 (1993), s. 8-9 
850 |a Slovenská národná knižnica v Martine  |a MTA001 
852 |a SNK  |b KIS3GCP 
958 |a RK 
958 |a LX 
958 |a IT 
999 |c 2532821  |d 2534751